00679nam a2200241 a 4500001001300000003000900013005001700022008004100039020001000080082001600090100002000106245004400126260004400170300000900214500003500223505001000258650002300268700002000291902000800311942000700319952009600326999001500422nice12345678IN_TiNIC20260116012010.0050524s1893 chia grp 000 0 eng  ac10000a891.53bREE aReed, Elizabeth aPersian Literatureb Ancient and Modern aChicagobS. C. Griggs and Companyc1893 a419p aincludes index and biblioraphy2 aIndex aPersian Literature1 aReed, Elizabeth bSRS cBK 00104070aHMIbHMId2007-06-04g100.00l0o891.53 REEp08661r2007-06-04w2026-01-16yEB c5225d5225